000
00288nam a22001337a 4500
008
181029b xxu||||| |||| 00| 0 eng d
020
_a
9780387095103
041
_a
eng
080
_a
371
100
_a
46
101
_a
EDU
245
_a
Introductory MEMS
_c
Adams, Th.M
942
_2
udc
_c
BK
999
_c
51027
_d
51027